| 000 | 00608nam a22001817a 4500 | ||
|---|---|---|---|
| 003 | BD-DhUL | ||
| 005 | 20160918171906.0 | ||
| 008 | 160112s1993 bg |||| |||| 000 0 ben | ||
| 040 |
_aBD-DhUL _cBD-DhUL |
||
| 082 | 0 |
_a954.92 _bKAG |
|
| 100 | 1 | _aকবির, শাহরিয়ার। | |
| 245 | 1 | 0 |
_aগণ আদালতের পটভূমি / _cশাহরিয়ার কবির |
| 260 |
_aঢাকা : _bদিব্যপ্রকাশ, _c১৯৯৩. |
||
| 300 |
_a১৬৮ পৃ. ; _c২২ সেমি. |
||
| 365 |
_aBDT _b60 |
||
| 650 | 0 | _zBangladesh | |
| 942 |
_2ddc _cBK |
||
| 999 |
_c104963 _d104963 |
||